000
00234nam a22000857a 4500
008
160704b xxu||||| |||| 00| 0 eng d
100
_9
1941
_a
Madaan, A
245
_a
Learn About Computers
260
_a
New Delhi
_b
Dreamland Publications
_c
2003
999
_c
1642
_d
1642